000 00306nam a22001457a 4500
008 210427b ||||| |||| 00| 0 eng d
020 _a9781259382451
041 _aeng
080 _a541
082 _a541
100 _a12
101 _aKIM
245 _aGeneral Chemistry
_cHill,M.G
942 _2udc
_cBK
999 _c56833
_d56833